00857nam a22002417a 450000100090000000300090000900500170001800700090003500800310004402000150007504000220009008200250011210000160013724000060015324502250015926000310038430000260041553400600044165000320050165000230053365000320055670000270058800007653DO-SdBNP20230511111237.000007653160607b2002 ck || 00| 0 spa d a9580463980 aBPMSUbspacBPMSU a658.8bK12c 20022221 aKahle, Dave10l 10aCómo alcanzar la excelencia en ventas en el nuevo milenio : bestrategias exitosas para distribuidores y representantes de ventas enfrentados a un entorno altamente competitivo /cDave Kahle ; traductor Affan Buitrago. aBogotá : bNorma, c2001 axv, 352 p. ; c23 cm. aTítulo original : tHow to excel at distributor sales 4a Administración de ventas 4aPersonal de ventas 4aplanificacion del marketing12aBuitrago, Affan, etr.